000 00410nam a22001337a 4500
003 SGT
020 _a9788175568953
082 _a920
_bJ20K
100 _aकुमार, अरविन्द
245 _aझारखण्ड जनजातीय :जीवन और दर्शन
260 _b यूनिवर्सिटी पब्लिकेशन
_c2020
300 _a246
942 _2ddc
_cBK
999 _c31953
_d31953